|
|
|
|
| LEADER |
02695nam a2200397 a 4500 |
| 001 |
015565096 |
| 003 |
BD-DhAAL |
| 008 |
101013s2010 nju b 001 0 eng d |
| 020 |
|
|
|a 9780470561584
|
| 040 |
|
|
|a Uk
|b eng
|c Uk
|d BD-DhAAL
|
| 082 |
0 |
0 |
|a 530
|2 22
|
| 100 |
1 |
|
|a Walker, Jearl,
|d 1945-
|9 30076
|
| 245 |
0 |
0 |
|a Halliday & Resnick principles of physics /
|c Jearl Walker.
|
| 246 |
3 |
|
|a Principles of physics
|
| 250 |
|
|
|a Extended ninth edition.
|
| 260 |
|
|
|a Hoboken, N.J. :
|b Wiley,
|c 2011.
|
| 300 |
|
|
|a xxii, 1248,A-15,AN-12,I-25 pages :
|b illustrations ;
|c 28 cm.
|
| 504 |
|
|
|a Includes bibliographical references and index.
|
| 541 |
|
|
|e 00021331
|
| 650 |
|
0 |
|a Physics.
|9 30077
|
| 650 |
|
0 |
|a Physics
|v Problems,exercises, etc.
|9 30078
|
| 650 |
|
0 |
|a Pharmacy.
|
| 700 |
1 |
|
|a Halliday, David,
|d 1916-
|9 30079
|
| 700 |
1 |
|
|a Resnick, Robert,
|d 1923-
|9 30080
|
| 852 |
4 |
|
|a Ayesha Abed Library
|j General shelf
|
| 942 |
0 |
0 |
|0 9
|2 ddc
|c BK
|
| 999 |
|
|
|c 9791
|d 9791
|
| 952 |
|
|
|0 0
|1 0
|2 ddc
|4 0
|6 530_WAL_201100000000000
|7 0
|9 12480
|a BRACUL
|b BRACUL
|c GEN
|d 2010-10-13
|l 73
|m 388
|o 530 WAL
|p 3010021331
|r 2026-05-18
|s 2026-05-17
|t 1
|w 2010-10-13
|y BK
|
| 952 |
|
|
|0 0
|1 0
|2 ddc
|4 0
|6 530_WAL_201100000000000
|7 0
|9 12481
|a BRACUL
|b BRACUL
|c GEN
|d 2010-10-13
|l 44
|m 218
|o 530 WAL
|p 3010021332
|r 2026-04-02
|s 2026-04-02
|t 2
|w 2010-10-13
|y BK
|
| 952 |
|
|
|0 0
|1 0
|2 ddc
|4 0
|6 530_000000000000000_WAL_2011
|7 0
|9 12482
|a BRACUL
|b BRACUL
|c GEN
|d 2010-10-13
|l 67
|m 267
|o 530 WAL
|p 3010021333
|r 2026-01-14
|s 2025-12-30
|t 3
|w 2010-10-13
|y BK
|
| 952 |
|
|
|0 0
|1 0
|2 ddc
|4 0
|6 530_WAL_201100000000000
|7 0
|9 12483
|a BRACUL
|b BRACUL
|c GEN
|d 2010-10-13
|l 71
|m 266
|o 530 WAL
|p 3010021334
|r 2025-11-09
|s 2025-11-03
|t 4
|w 2010-10-13
|y BK
|
| 952 |
|
|
|0 0
|1 0
|2 ddc
|4 0
|6 530_WAL_201100000000000
|7 0
|9 12484
|a BRACUL
|b BRACUL
|c GEN
|d 2010-10-13
|l 57
|m 293
|o 530 WAL
|p 3010021335
|r 2026-05-18
|s 2026-01-31
|t 5
|w 2010-10-13
|y BK
|
| 952 |
|
|
|0 0
|1 0
|2 ddc
|4 0
|6 530_000000000000000_WAL
|7 0
|9 23483
|a BRACUL
|b BRACUL
|c GEN
|d 2013-09-24
|e Essence Science Publications
|g 5750.00
|l 26
|m 187
|o 530 WAL
|p 3010027553
|q 2025-10-08
|r 2025-07-20
|s 2025-07-20
|t 6
|w 2013-09-24
|y BK
|
| 952 |
|
|
|0 0
|1 0
|2 ddc
|4 1
|6 530_000000000000000_WAL
|7 0
|9 23484
|a BRACUL
|b BRACUL
|c SPS
|d 2013-09-24
|e Essence Science Publications
|g 5750.00
|l 5
|m 26
|o 530 WAL
|p 3010027554
|r 2014-09-23
|s 2014-06-11
|t 7
|w 2013-09-24
|y BK
|x Photocopy Book. Declared as Damaged on December 10, 2023
|
| 952 |
|
|
|0 0
|1 0
|2 ddc
|4 0
|6 530_000000000000000_WAL
|7 0
|9 23485
|a BRACUL
|b BRACUL
|c GEN
|d 2013-09-24
|e Essence Science Publications
|g 5750.00
|l 49
|m 288
|o 530 WAL
|p 3010027555
|r 2026-04-02
|s 2026-04-02
|t 8
|w 2013-09-24
|y BK
|
| 952 |
|
|
|0 0
|1 0
|2 ddc
|4 0
|6 530_000000000000000_WAL
|7 0
|9 23486
|a BRACUL
|b BRACUL
|c GEN
|d 2013-09-24
|e Essence Science Publications
|g 5750.00
|l 26
|m 209
|o 530 WAL
|p 3010027556
|r 2026-04-16
|s 2025-02-19
|t 9
|w 2013-09-24
|y BK
|